Catálogo
 En Linea

Fundamentos de economía : (Registro nro. 39655)

Detalles MARC
000 -CABECERA
campo de control de longitud fija 00577nam a2200181 a 4500
001 - NÚMERO DE CONTROL
campo de control 000040165
005 - FECHA Y HORA DE LA ÚLTIMA TRANSACCIÓN
campo de control 20201002033946.0
008 - DATOS DE LONGITUD FIJA--INFORMACIÓN GENERAL
campo de control de longitud fija 130812s1978 mx 000 0 spa d
020 ## - NÚMERO INTERNACIONAL ESTÁNDAR DEL LIBRO
Número Internacional Estándar del Libro 9681800869
040 ## - FUENTE DE LA CATALOGACIÓN
Centro catalogador/agencia de origen DO-SdBNP
Lengua de catalogación spa
Centro/agencia transcriptor BNPHU
100 1# - ENTRADA PRINCIPAL--NOMBRE DE PERSONA
Nombre de persona Weiss, Leonard W.
9 (RLIN) 66439
240 10 - TÍTULO UNIFORME
Título uniforme Economics and society
Lenguaje de la obra Español
245 10 - MENCIÓN DE TÍTULO
Título Fundamentos de economía :
Resto del título enfoque económico social /
Mención de responsabilidad, etc. Leonardo W. Weiss.
260 ## - PUBLICACIÓN, DISTRIBUCIÓN, ETC.
Lugar de publicación, distribución, etc. México :
Nombre del editor, distribuidor, etc. Limusa,
Fecha de publicación, distribución, etc. 1978.
300 ## - DESCRIPCIÓN FÍSICA
Extensión 604 p. ;
Dimensiones 24 cm.
500 ## - NOTA GENERAL
Nota general Incluye notas al pie de las páginas
500 ## - NOTA GENERAL
Nota general Traducido del idioma inglés
Existencias
Estado de retiro Estado de pérdida Restricciones de uso No para préstamo Código de colección Localización permanente Ubicación/localización actual Ubicación en estantería Fecha de adquisición Número de inventario Total de préstamos Signatura topográfica completa Código de barras Fecha visto por última vez Precio válido a partir de Tipo de ítem Koha
        Monografías: Libros y Folletos General General En catalogación 12.08.2013 LF1   40165-10 25.06.2020 25.06.2020 Préstamo en sala

Con tecnología Koha